00000000nas 2200000zi 4500
0019.836309
003CaOODSP
00520250123100212
006m     o  d f      
007cr |||||||||||
008170505d20142021onc x p oc   f0   a0eng|d
040 |aCaOODSP|beng|erda|cCaOODSP
041 |aeng|afre
043 |an-cnm--|an-cn-nf
0861 |aFs72-32/1-PDF
1102 |aCanadian Hydrographic Service.|eauthor, |eissuing body.
24510|aCatalogue. |n1, |pAtlantic Coast = |bCatalogue. 1, Côte atlantique.
24631|aCatalogue. |n1, |pCôte atlantique
264 1|aOttawa : |bCanadian Hydrographic Service = Service hydrographique du Canada
310 |aIrregular
336 |atext|btxt|2rdacontent
337 |acomputer|bc|2rdamedia
338 |aonline resource|bcr|2rdacarrier
3621 |aBegan in 201-?; ceased with 9-2021.
546 |aText in English and French.
550 |aIssued by Fisheries and Oceans Canada.
588 |aDescription based on: 9-2021.
588 |aLatest issue consulted: 9-2021.
650 0|aNautical charts|zAtlantic Coast (Canada)|vPeriodicals.
655 7|aPeriodicals|2lcgft
7760#|tCatalogue of nautical charts and publications. 1, |w(CaOODSP)9.836311
78500|tCanadian paper chart catalogue. |w(CaOODSP)9.909987
792 |tCatalogue. |efre|w(CaOODSP)9.836310